000
00328nam a22001457a 4500
003
SGT
082
_a
800
_b
L03R
100
_a
RAO,REGA SURYA
245
_a
LECTURES ON PUBLIC INTREST LAWYERING
250
_a
1ST
260
_a
HYDERABAD
_b
ASIA LAW HOUSE
_c
2003
300
_a
147
650
_a
MASS COMMUNICATION
942
_2
ddc
_c
BK
999
_c
12822
_d
12822